000 00570nam a22001937a 4500
999 _c10465
_d10465
003 AR-CdUCM
008 190401b ||||| |||| 00| 0 spa d
040 _aMUNICIPALIDAD PROVINCIAL DEL CUSCO
_cBIBLIOTECA MUNICIPAL DEL CUSCO
082 _23ed.
_a985.05 /
_bB26H / 1946
100 _aBasadre, Jorge
_9198
245 _aHistoria de la republica del Perú /
260 _aLima :
_bCultura Antártica,
_c1946.
300 _a462 paginas ;
_c24 cm.
650 _aHistoria
_9136
650 _aLiteratura
_983
650 _aPeru
_9429
942 _2ddc
_cLIBROS
945 _apjha